All MCU MOVIES! - Statistics

General Stats
  • This quiz has been taken 117 times
    103 since last reset
  • The average score is 31 of 38
Answer Stats
Hint Answer % Correct
2008 Iron Man
100%
2016 Captain America: Civil War
99%
2011 Captain America: The First Avenger
99%
2010 Iron Man 2
99%
2013 Iron Man 3
99%
2008 The Incredible Hulk
99%
2011 Thor
99%
2013 Thor: The Dark World
99%
TBD Wolverine V.S. The Hulk
99%
2015 Avengers: Age of Ultron
98%
2019 Avengers: Endgame
98%
2018 Avengers: Infinity War
98%
2014 Captain America: The Winter Soldier
98%
2012 The Avengers
98%
2015 Ant-Man
96%
TBD Ant-Man 3
96%
2016 Doctor Strange
96%
2017 Thor: Ragnarok
96%
2021 Doctor Strange in the Multiverse of Madness
95%
2018 Ant-Man and the Wasp
94%
2017 Spider-Man: Homecoming
94%
2018 Black Panther
93%
2014 Guardians of the Galaxy
93%
2020 Black Widow
92%
2019 Captain Marvel
92%
2021 Spider-Man 3
91%
2019 Spider-Man: Far From Home
91%
2017 Guardians of the Galaxy Vol. 2.
89%
2021 The Eternals
79%
2022 Thor: Love and Thunder
79%
2022 Shang-Chi and the Legend of the Ten Rings
74%
TBD Guardians of the Galaxy Vol. 3.
66%
TBD Fantastic Four
40%
TBD Blade
28%
TBD X-Men
28%
TBD Captain Marvel 2
27%
TBD Iron Man 4
13%
TBD Nova
1%
No matching quizzes found
Score Distribution
Percent of People with Each Score
Percentile by Number Answered
Your Score History
You have not taken this quiz since the last reset